|
|
|
|
| LEADER |
00000nam0a2200000 4500 |
| 001 |
178629 |
| 005 |
20231101223422.0 |
| 035 |
|
|
|a (RuTPU)RU\TPU\book\193637
|
| 090 |
|
|
|a 178629
|
| 100 |
|
|
|a 20100408d1960 m y0rusy50 ca
|
| 101 |
0 |
|
|a rus
|
| 102 |
|
|
|a RU
|
| 105 |
|
|
|a y z 000zy
|
| 200 |
1 |
|
|a Труженики тыла в Великой Отечественной войне
|f М. О. Антонян
|
| 210 |
|
|
|a Москва
|c Воениздат
|d 1960
|
| 215 |
|
|
|a 78 с.
|
| 606 |
|
|
|a Труд в СССР в период Великой Отечественной войне 1941-1945
|2 stltpush
|3 (RuTPU)RU\TPU\subj\66618
|9 82669
|
| 610 |
1 |
|
|a Великая Отечественная война 1941-1945
|
| 610 |
1 |
|
|a труженики тыла
|
| 610 |
1 |
|
|a народные массы
|
| 610 |
1 |
|
|a народ
|
| 610 |
1 |
|
|a победа
|
| 610 |
1 |
|
|a женщины
|
| 610 |
1 |
|
|a молодежь
|
| 675 |
|
|
|a 9(С)27
|v 3
|
| 686 |
|
|
|a Т3(2)622-2
|2 rubbk
|
| 700 |
|
1 |
|a Антонян
|b М. О.
|g Марлен Оганесович
|
| 801 |
|
1 |
|a RU
|b 63413507
|c 20100408
|
| 801 |
|
2 |
|a RU
|b 63413507
|c 20171214
|g RCR
|
| 942 |
|
|
|c BK
|